| 000 | 00576nam a22001937a 4500 | ||
|---|---|---|---|
| 005 | 20250304081537.0 | ||
| 008 | 250304b |||||||| |||| 00| 0 eng d | ||
| 020 | _a9788119679997 | ||
| 040 |
_aIN-DiNC _cIN-DiNC |
||
| 041 | _dasm | ||
| 082 |
_a301.072 _bBOR |
||
| 100 |
_aBorah, Birinchi Kumar _eauthor |
||
| 245 |
_aSamajtattwik gaveshona paddhati- pratham khanda (Major7)/ _cby Birinchi Kumar Borah |
||
| 250 | _a1st NEP ed. | ||
| 260 |
_aJorhat: _bBidya bhawan, _c2025. |
||
| 300 | _a200p. | ||
| 650 | _aSociological research methods-part I (Major7) | ||
| 942 |
_2ddc _cBK |
||
| 999 |
_c12136 _d12136 |
||